00984 2200205 4500001002100000005001500021008004100036020001500077035001900092041000800111082001100119084001700130100001600147245003500163260003200198300003400230500002400264520046800288650002200756INLIS00000000000035120200508200910200508||||||||| | ||| |||| ||eng|| a0764508318 0010-0520000351 aeng0 a088.74 a088.74/SAH/F0 aDoug Sahlin00aFlash ActionScript for Dummies aNew YorkbMcGraw Hillc2001 axxii, 357p.b:illus.;c24 cm. aIndeks : p. 341-357 aWelcome to Flash ActionScript For Dummies, your road map to creating your very own ActionScript without having to sink your teeth into- or strain your eyes while reading - a dry computer manual that tells you how to but really doesn't show how you to. In this book, I show you how to use the most popular ActionScript create useful-and way-too-cool, and cool-but-oh-so-frivolous items for your movies. If you find a category I haven't identified, congratulations. 0aKomputer-Aplikasi